Biblioteca

Historia de la vida cotidiana en Colombia (Registro nro. 70650)

Detalles MARC
000 -LÍDER
Campo fijo de descripción fija 01903nam a2200337 i 4500
001 - NÚMERO DE CONTROL
Campo de control 768714001
003 - IDENTIFICADOR DEL NÚMERO DE CONTROL
Campo de control CO-MdFUSB
005 - FECHA Y HORA DE LA ULTIMA TRANSACCIÓN
control field 20250512100630.0
007 - CAMPO FIJO DE DESCRIPCIÓN FIJA--INFORMACIÓN GENERAL
Campo fijo de descripción fija ta
008 - ELEMENTOS DE LONGITUD FIJA -- INFORMACIÓN GENERAL
Campo fijo de descripción fija -- Información general 240731t1996 ck aco|| |||| 00| 0 spa d
020 ## - NÚMERO INTERNACIONAL NORMALIZADO PARA LIBROS
Número Internacional Normalizado del libro 9789580430995
040 ## - FUENTE DE CATALOGACIÓN
Agencia de catalogación original CO-MdFUSB
Idioma de catalogación spa
Agencia que realiza la transcripción CO-MdFUSB
Agencia que realiza la modificación CO-MdFUSBC
Convenciones de la descripción rda
041 ## - CÓDIGO DE IDIOMA
Código de idioma para texto/pista de sonido o título separado spa
082 ## - NÚMERO DE CLASIFICACIÓN DECIMAL DEWEY
Número de la edición del Dewey 23
Número de clasificación 306.0986
Clave de autor-Numero de item H673
245 ## - TÍTULO
Título del Material Historia de la vida cotidiana en Colombia
Mención de responsabilidad, etc. / editado por Beatriz Castro Carvajal
264 #1 - PRODUCCIÓN, PUBLICACIÓN, DISTRIBUCIÓN, MANUFACTURA, Y COPYRIGHT
Nombre del productor, publicador, distribuidor Norma,
Lugar de producción, publicación, distribución, manufactura Bogotá, Colombia :
Fecha de producción, publicación, distribución, manufactura, o copyright [1996]
264 #4 - PRODUCCIÓN, PUBLICACIÓN, DISTRIBUCIÓN, MANUFACTURA, Y COPYRIGHT
Fecha de producción, publicación, distribución, manufactura, o copyright ©1996
300 ## - DESCRIPCIÓN FÍSICA
Extensión 445 páginas
Dimensiones ; 21 cm
336 ## - TIPO DE CONTENIDO
Fuente rdacontent
Término de tipo de contenido texto
Código de tipo de contenido txt
337 ## - TIPO DE MEDIO
Fuente rdamedia
Nombre del tipo de medio sin mediación
Código del tipo de medio n
338 ## - TIPO DE SOPORTE
Fuente rdacarrier
Nombre del tipo de soporte volumen
Código Tipo de soporte nc
490 ## - MENCIÓN DE SERIE
Mención de serie Colección Vitral,
505 ## - NOTA DE CONTENIDO
Información miscelánea Primera parte:
Nota de contenido con formato preestablecido La Conquista<br/><br/>
Título La vida cotidiana en la Conquista / José Ignacio Avellaneda Navas
Información miscelánea Segunda parte:
Título La Colonia:
Nota de contenido con formato preestablecido La vida cotidiana en las minas coloniales Pablo Rodríguez / Jaime Humberto Borja. -- La vida cotidiana en la las haciendas coloniales Pablo Rodríguez / Beatriz Castro Carvajal. -- Casa y orden cotidiano en el Nuevo Reino de Granada, S. XVIII / Pablo Rodríguez Jiménez. -- La vida cotidiana y pública en las ciudades coloniales / Margarita Garrido.
Información miscelánea Tercera parte:
Título La república:<br/>
Nota de contenido con formato preestablecido La vida rural cotidiana en la República / Michael F. Jiménez. -- La vida doméstica en las ciudades republicanas / Catalina Reyes/Lina Marcela González. -- La vida pública en las ciudades republicanas / Beatriz Castro Carvajal. -- La política en la vida cotidiana republicana / Malcolm Deas. -- Guerras civiles y vida cotidiana / Carlos Eduardo Jaramillo Castillo.
563 ## - NOTA DE ENCUADERNACIÓN
Nota de encuadernación Rústico
651 #0 - ASIENTO SECUNDARIO DE MATERIA - NOMBRE GEOGRAFICO
Nombre geográfico Colombia
Subdivisión general Historia social
651 #0 - ASIENTO SECUNDARIO DE MATERIA - NOMBRE GEOGRAFICO
Nombre geográfico Colombia
Subdivisión general Costumbres y vida cotidiana
651 #0 - ASIENTO SECUNDARIO DE MATERIA - NOMBRE GEOGRAFICO
Nombre geográfico Colombia
Subdivisión general Época colonial -- Historia
Subdivisión cronológica Siglo XIX
700 ## - ASIENTO SECUNDARIO - NOMBRE PERSONAL
Nombre personal Castro Carvajal, Beatriz,
9 (RLIN) 10391
Responsabilidad editor
942 ## - TIPO DE MATERIAL (KOHA)
Tipo de Item KOHA Libros General
945 ## - INFORMACIÓN LOCAL DEL REGISTRO
Catalogador JTF-925
Existencias
Estado de Material Estado de Perdido Forma de Clasificación Estado de Dañado No para Préstamo Colección Biblioteca de Origen Biblioteca Permanente Fecha de Adquisición Área Total de Préstamos Signatura Topográfica Código de Barras Última vez visto Ejemplar/Existencia Fecha de Remplazo Tipo de Material
    Dewey Decimal Classification     Colección General Biblioteca FUSBC Biblioteca FUSBC 31/07/2024 CULTURA Y COSTUMBRES   G 306.0986 H673h 22240 31/07/2024 Ej. 1 31/07/2024 Libros General

Biblioteca FUSBC | Teléfono: (57+4) 349 88 10 Ext. 141| WhatsApp (+57) 3005338115 
E-mail: biblioteca@unisbc.edu.co | Calle 76 87-14 Robledo Palenque, Medellín, Colombia

Con tecnología Koha